000 00574nmm a2200193Ia 4500
008 251105s9999||||xx |||||||||||||||||und||
020 _a9789681685010
041 _aspa
100 _aKaniuk, Yoram
245 0 _aWasserman :
_b Historia de un perro
264 _a[México D.C., Mexico] :
_bFondo de Cultura Económica,
_c2012
300 _a142 páginas
490 _aA Través del Espejo
650 _aTeen & Young Adult Fiction
700 _aKaniuk, Yoram
700 1 _a Oms, Roser Lluch i
856 _uhttps://public.digitaliapublishing.com/a/43207
942 _cCF
999 _c67383
_d67383